[Event "IECC O-3085"]
[Site "IECC email"]
[Date "2010.01.27"]
[Round "?"]
[White "Harper, Rob W"]
[Black "Kellaway, Ted"]
[Result "0-1"]
[WhiteElo "1200"]
[BlackElo "1307"]
[PlyCount "54"]
[EventDate "2010.??.??"]
[EventType "swiss (corr)"]
[EventRounds "2"]
[SourceTitle "Telechess CBM 149"]
[Source "ChessBase"]
[SourceDate "2012.07.17"]
[SourceVersion "1"]
[SourceVersionDate "2012.07.17"]
[SourceQuality "1"]
[WhiteTeam "US of America"]
[BlackTeam "South Africa"]
[WhiteTeamCountry "USA"]
[BlackTeamCountry "RSA"]

1. e4 e5 2. g3 Bc5 3. Bg2 Nf6 4. d3 h6 5. Bf3 d5 6. exd5 Nxd5 7. c4 Nb4 8. Be2 Bf5 9. d4 Nc2+ 10. Kf1 Nxa1 11. Bd3 Qxd4 12. Be3 Bxd3+ 13. Ne2 Qxc4 14. Nbc3 Bxe3 15. fxe3 Nc2 16. Qd2 Nc6 17. b3 Qa6 18. Nd5 0-0-0 19. Kf2 Rxd5 20. Rd1 Rhd8 21. Nc3 R5d6 22. b4 Rf6+ 23. Kg2 Bf1+ 24. Kg1 Rxd2 25. Rxd2 Nxe3 26. b5 Bh3 27. bxa6 Rf1# 0-1